000 00558nam a2200181 a 4500
001 000025433
005 20200930023802.0
008 110216s2007 dr 000 0 spa d
040 _aDO-SdBNP
_bspa
_cBNPHU
082 _axxxx
_bD567e
100 1 _aDieudonné, Sylvio
_952037
245 1 0 _aEntre la gloria y la deseperación /
_cSylvio Dieudonné.
260 _aSanto Domingo / :
_bTavárez,
_c2007.
300 _a218 p. ;
_c21 cm.
500 _aIncluye datos biográficos del autor en la contracubierta
504 _aBibliografía : p. 218
049 _aBNPD
999 _c24925
_d24925